LEADER 01232nam--2200409---450- 001 990002152280203316 005 20090324120051.0 035 $a000215228 035 $aUSA01000215228 035 $a(ALEPH)000215228USA01 035 $a000215228 100 $a20041108d1979----km-y0itay0103----ba 101 0 $aita 102 $aIT 105 $a||||||||001yy 200 1 $aEconomia internazionale$eteoria e prassi$e[atti della XVIII Riunione scientifica della Società italiana degli economisti tenuta a Roma nel 1977] 210 $aMilano$cGiuffrè$d1979 215 $a314 p.$d24 cm 410 0$12001 454 1$12001 461 1$1001-------$12001 712 02$aSocietà italiana degli economisti 801 0$aIT$bsalbc$gISBD 912 $a990002152280203316 951 $a337 ECO 1 (IEP III 333)$b53054 E.C.$cIEP III$d00188559 951 $a300 337 ECO$b539 DISES 959 $aBK 969 $aECO 969 $aDISES 979 $aSIAV5$b10$c20041108$lUSA01$h1754 979 $aRSIAV5$b90$c20090324$lUSA01$h1200 979 $c20121027$lUSA01$h1551 979 $c20121027$lUSA01$h1603 979 $c20121027$lUSA01$h1611 996 $aEconomia internazionale$9465896 997 $aUNISA DEB $aUSA20652 LEADER 03543nam 2200721 a 450 001 9910457100103321 005 20200520144314.0 010 $a1-282-46125-7 010 $a9786612461255 010 $a0-8213-8111-3 035 $a(CKB)2550000000005674 035 $a(EBL)476181 035 $a(OCoLC)593209940 035 $a(SSID)ssj0000085192 035 $a(PQKBManifestationID)11980914 035 $a(PQKBTitleCode)TC0000085192 035 $a(PQKBWorkID)10004279 035 $a(PQKB)10023717 035 $a(MiAaPQ)EBC476181 035 $a(Au-PeEL)EBL476181 035 $a(CaPaEBR)ebr10364108 035 $a(CaONFJC)MIL246125 035 $a(EXLCZ)992550000000005674 100 $a20090910d2010 uf 0 101 0 $aeng 135 $aur|n|---||||| 181 $ctxt 182 $cc 183 $acr 200 10$aAccounting for growth in Latin America and the Caribbean$b[electronic resource] $eimproving corporate financial reporting to support regional economic development /$fHenri Fortin, Ana Cristina Hirata Barros, Kit Cutler 210 $aWashington, D.C. $cWorld Bank$dc2010 215 $a1 online resource (202 p.) 225 1 $aDirections in development. Finance 300 $aDescription based upon print version of record. 311 $a0-8213-8108-3 320 $aIncludes bibliographical references and index. 327 $aContents; Foreword; Preface; Acknowledgments; About the Authors; Abbreviations; Overview; Figures; Chapter 1 Introduction and Background; Tables; Boxes; Chapter 2 National Corporate Financial Reporting Frameworks; Chapter 3 Preserving the Good Name of the Accounting Profession; Chapter 4 The Role of Education Systems; Chapter 5 Adoption of International Accounting and Auditing Standards; Chapter 6 Ensuring Compliance with Accounting and Auditing Standards; Chapter 7 A Roadmap for Reform; Appendixes; References and Other Resources; Glossary; Index 330 $aThe importance of moving toward high-quality, global standards of accounting and auditing has never been clearer. In the midst of the global financial and economic crisis, the leaders of the Group of 20 met and issued their ""Declaration on Strengthening the Financial System,"" placing significant emphasis on sound accounting and auditing standards as a critical piece of the international financial architecture.Transparent and reliable corporate financial reporting underpins much of the Latin America and Caribbean development agenda, from private-sector-led growth to enhanced financial stabili 410 0$aDirections in development (Washington, D.C.).$pFinance. 606 $aAccounting$zLatin America 606 $aAccounting$zCaribbean Area 606 $aCorporations$zLatin America$xAccounting 606 $aCorporations$zCaribbean Area$xAccounting 606 $aEconomic development$zLatin America 606 $aEconomic development$zCaribbean Area 608 $aElectronic books. 615 0$aAccounting 615 0$aAccounting 615 0$aCorporations$xAccounting. 615 0$aCorporations$xAccounting. 615 0$aEconomic development 615 0$aEconomic development 676 $a657.098 700 $aFortin$b Henri$f1964-$0928141 701 $aBarros$b Ana Cristina$0928142 701 $aCutler$b Kit$f1979-$0928143 801 0$bMiAaPQ 801 1$bMiAaPQ 801 2$bMiAaPQ 906 $aBOOK 912 $a9910457100103321 996 $aAccounting for growth in Latin America and the Caribbean$92085792 997 $aUNINA